Journal of the Senate of the United States of America Second Session of the Seventieth Congress begun and held at the City of Washington December 3, 1928, in the one hundred and fifty-second year of the independence of the United States.

Bibliographic Details
Corporate Author: ProQuest (Firm)
Format: eBook
Language:English
Published: Washington : [publisher not identified], 1929.
Series:United States congressional serial set.
Subjects:
Online Access:Connect to the full text of this electronic book

MARC

Tag First Indicator Second Indicator Subfields
LEADER 00000cam a22000001a 4500
001 in00002789989
005 20190331181807.0
006 m o d
007 cr bn mmmapmmp
008 091231s1929 dcud o f000 0 eng d
035 |a cis2004334905 
040 |a UMI  |c UMI  |d UtOrBLW 
043 |a n-us--- 
099 |a ProQuest Serial Set Number 8975 S.Jnl. 
245 0 0 |a Journal of the Senate of the United States of America Second Session of the Seventieth Congress begun and held at the City of Washington December 3, 1928, in the one hundred and fifty-second year of the independence of the United States. 
246 1 |a Senate Journal, 70th Congress, 2d session 
264 1 |a Washington :  |b [publisher not identified],  |c 1929. 
300 |a 1 online resource. 
336 |a text  |b txt  |2 rdacontent 
337 |a computer  |b c  |2 rdamedia 
338 |a online resource  |b cr  |2 rdacarrier 
490 0 |a S.Jnl.70-2 
500 |a Record is based on bibliographic data in ProQuest U.S. Serial Set Digital Collection (last viewed Dec. 2009). Reuse except for individual research requires license from ProQuest, LLC. 
510 3 |a ProQuest U.S. Serial Set Digital Collection 
500 |a Electronic resource. 
610 1 0 |a United States.  |b Congress.  |b Senate. 
650 0 |a Government publications. 
655 7 |a Electronic books.  |2 local 
710 2 |a ProQuest (Firm) 
830 0 |a United States congressional serial set. 
856 4 0 |u http://proxy.library.tamu.edu/login?url=http://congressional.proquest.com/congcomp/getdoc?SERIAL-SET-ID=8975+S.Jnl.70-2  |z Connect to the full text of this electronic book  |t 0 
999 |a MARS 
999 f f |s 628847de-2c7a-3fb4-9c0d-6115ce20729f  |i 8014db0e-ab14-3c72-b607-c23708033aad  |t 0 
952 f f |a Texas A&M University  |b College Station  |c Electronic Resources  |d Available Online  |t 0  |e ProQuest Serial Set Number 8975 S.Jnl.  |h Other scheme 
998 f f |a ProQuest Serial Set Number 8975 S.Jnl.  |t 0  |l Available Online